000
00243nam a2200109Ia 4500
008
200302s9999 xx 000 0 und d
100
_a
Brian Haclett
245
_a
Planning Design
260
_b
E.&F.N. SPON Ltd.
260
_c
1979
300
_a
174
999
_c
6081
_d
6081